| 000 | 00402nam a2200181Ia 4500 | ||
|---|---|---|---|
| 001 | 15360 | ||
| 005 | 20260306170150.0 | ||
| 008 | 260306t2017||||xx |||||||||||||| ||und|| | ||
| 041 | _aESP | ||
| 082 |
_a535.2 _bH33 |
||
| 100 |
_aHecht, Eugene _eAUT |
||
| 245 | 0 | _aÓptica | |
| 260 | _c2017 | ||
| 300 |
_aix, 713 páginas : _c27 cm. |
||
| 650 | _aGEN | ||
| 654 | _aCCN | ||
| 942 |
_cLIB _dJUS _fJUS _2ddc _n |
||
| 999 |
_c15360 _d15360 |
||